Šaštín. 560-1224 /

Korporativní autor: Československý vojenský zeměpisný ústav
Další autoři: Kostečka, Karel, Solčanský, Josef
Jazyk: Slovenština
Čeština
Vydáno: V Praze : Vojenský zeměpisný ústav, 1937
Vydání: 1. vydání
Edice: Definitivní vojenské mapování 1:20 000 ; 05/60-12/24, 1937
Mapa Československé republiky 1:20 000 (5 centimetrová) ; 05/60-12/24, 1937
Témata:
Fyzický popis: 1 mapa : fotokopie, černobílá ; 40 x 50 cm, na listu 53 x 72 cm
Mapy
Uloženo v:
LEADER 02750nem a2200637 i 4500
001 001892646
003 CZ BrMZK
005 20240419102725.0
007 aj|canbn
008 240417s1937 xr bk a 0| cze d
034 1 |a a  |b 20000  |d E0170454  |e E0171339  |f N0483956  |g N0483505 
040 |a BOA001  |b cze  |e rda 
041 0 |a cze  |a slo 
043 |a e-xo--- 
072 7 |a 623  |x Vojenská technika  |2 Konspekt  |9 7 
072 7 |a 912  |x Mapy. Atlasy. Glóby  |2 Konspekt  |9 7 
080 |a 623.64  |2 MRF 
080 |a 913(437.6)  |2 MRF 
080 |a (084.3)528.42  |2 MRF 
080 |a (084.3)355/359  |2 MRF 
080 |a (084.3.035)904  |2 MRF 
110 2 |a Československý vojenský zeměpisný ústav  |7 kn20030604013  |4 ctg  |4 pbl 
245 1 0 |a Šaštín.  |p 560-1224 /  |c Vojenský zeměpisný ústav v Praze ; Topograf: K. Kostečka a Jos. Solčanský 
246 3 |a 05/60-12/24 
246 3 0 |a 560-1224 
250 |a 1. vydání 
255 |a Měřítko 1:20 000  |b Křovákovo zobrazení  |c (E 17°04'54"--E 17°13'39"/N 48°39'56"--N 48°35'05") 
264 1 |a V Praze :  |b Vojenský zeměpisný ústav,  |c 1937 
300 |a 1 mapa :  |b fotokopie, černobílá ;  |c 40 x 50 cm, na listu 53 x 72 cm 
336 |a kartografický obraz  |b cri  |2 rdacontent 
337 |a bez média  |b n  |2 rdamedia 
338 |a list  |b nb  |2 rdacarrier 
490 1 |a [Definitivní vojenské mapování 1:20 000] ;  |v 05/60-12/24, 1937 
490 1 |a Mapa Československé republiky 1:20 000 (5 centimetrová) ;  |v 05/60-12/24, 1937 
500 |a Jednobarevný otisk 
500 |a Fotokopie 
500 |a Další údaje o vydání: Mapováno r. 1937 ; Pravděpodobná magnetická deklinace pro dobu 1935 
562 |a Razítko: Státní zeměměřický a kartografický ústav. Archív  |5 CZ-BrMZK 
650 7 |a vojenská topografie  |z Slovensko  |7 ph316247  |2 czenas 
650 0 9 |a military topography  |z Slovakia  |2 eczenas 
651 7 |a Šaštín-Stráže (Slovensko : oblast)  |7 ge888764  |2 czenas 
651 9 |a Šaštín-Stráže Region (Slovakia)  |2 eczenas 
655 7 |a topografické mapy  |7 fd809173  |2 czenas 
655 7 |a vojenské mapy  |7 fd133817  |2 czenas 
655 7 |a reprodukce starých map  |7 fd692820  |2 czenas 
655 9 |a military maps  |2 eczenas 
655 9 |a topographic maps  |2 eczenas 
655 9 |a reproduction of old maps  |2 eczenas 
700 1 |a Kostečka, Karel  |4 ctg 
700 1 |a Solčanský, Josef  |4 ctg 
830 0 |a Definitivní vojenské mapování 1:20 000 ;  |v 05/60-12/24, 1937 
830 0 |a Mapa Československé republiky 1:20 000 (5 centimetrová) ;  |v 05/60-12/24, 1937 
910 |a BOA001  |b Mpa-1515.893,0560-1224-37 
990 |a MP 
991 |b 202404 
996 6 |b 2610967188  |c Mpa-1515.893,0560-1224-37  |l MZK  |r Sklad / do 24 hodin  |n 0  |p kup  |w 001961715  |u 000010  |a 1  |e BOA001  |j MZK50  |s P